000 01354nam0a22003131 4500
001 v19\rc\2004632
005 20251118181323.2
035 _a(NLR Aleph) 005079803
090 _a7184419
_c7184419
100 _a20080811d1915 |||y0rusy50 ca
101 0 _arus
102 _aRU
105 _ay z |||||
200 1 _aКраткий курс практической геологии
_eСост. по прогр. Киев. коммерч. ин-та (по Агафонову, Брюкнеру, Иностранцеву, ..., лекциям Кобецкого и др.)
_fСтуд. Евг. Лурье
210 _aКиев
_cКн. маг. "Книжный мир" К.К. Семинского
_d1915
215 _a[2], 77 с.
_d23
700 1 _aЛурье
_bЕвг.
_4220
702 1 _aИностранцев
_bА. А.
_f1843-1919
_gАлександр Александрович
_3RU\NLR\auth\7799183
_4070
702 1 _aКобецкий
_bИ. Р.
_gИосиф Ромуальдович
_4100
702 1 _aАгафонов
_bВ. К.
_f1863-1955
_gВалериан Константинович
_4100
702 1 _aБрюкнер
_bЭ.
_gЭдуард
_4100
801 0 _aRU
_bNLR
_gpsbo
801 0 _aRU
_bRuMoRGB
_2psbo
801 1 _aRU
_bProSoft-M
_2rusmarc
852 _aNLR
_j34.104.5.257
899 _aRuMoRGB
_jV 103/27
899 _aБАН
942 _cBOOK
980 _aNB